000
00289nam a22001217a 4500
082
_a
621.38887 WOR'C
100
_a
WORTMAN, LEON A
_9
78255
245
_a
CLOSED CIRCUIT TELEVISION HANDBOOK
250
_a
3RD
260
_a
NEWYORK
_b
HOWARD W. SAMS
_c
1974
300
_a
287P ILL
942
_c
BK
999
_c
583404
_d
583404